000 00470pab a2200169 454500
008 180718b2001 xxu||||| |||| 00| 0 eng d
100 _aSuganthi, L.
245 _aStudies on the factors influencing the progress of women at work using discriminant analysis
260 _c2001
300 _ap.30-43.
362 _aOct-Dec
650 _aWomen workers - India
650 _aWomen workers
700 _aSamuel, Anand A.
773 _aIASSI Quarterly
909 _a54953
999 _c54953
_d54953